Soccer Players by Letter - N - Statistics

General Stats
  • This quiz has been taken 515 times
  • The average score is 8 of 12
Answer Stats
Picture Answer % Correct
Neymar
99%
Manuel Neuer
98%
Darwin Núñez
91%
Keylor Navas
86%
Nani
81%
Pavel Nedved
78%
Gary Neville
70%
Rúben Neves
64%
Alessandro Nesta
51%
Hidetoshi Nakata
49%
Wilfred Ndidi
28%
Shunsuke Nakamura
25%
No matching quizzes found
Score Distribution
Percent of People with Each Score
Percentile by Number Answered
Your Score History
You have not taken this quiz